000 00502nam a22001697a 4500
010 _aENG-143543
020 _c100.00
035 _aEN-127075
037 _bDBAD
082 _a881.08
245 _aAn Anthology of Selected Articles
_cedited by Kazi Golam Gous Siddiqui
260 _aKolkata
_bSankar Mondal
_c2010
270 _a209A. Bidhan Sarani,
_bKolkata
_e700006
300 _a94p.
_c22cm(HB)
700 _aSiddiqui, Kazi Golam Gous
_977070
942 _2ddc
_cEN
_h881.08
_mANT
999 _c208775
_d208775